Statistiques concernant Acteur/Actrice par film

Cliquez ici pour prendre le quiz!

Statistiques générales

  • Ce quiz a été pris 683 fois
  • Le résultat moyen est 16 sur 38

Statistiques - réponses

FilmPersonnageActeur% Correct
Fight ClubTyler DurdenBrad Pitt
79%
TitanicRose DeWitt BukaterKate Winslet
73%
Ocean's ElevenDaniel « Danny » OceanGeorge Clooney
72%
InceptionCobbLeonardo Di Caprio
71%
ShiningJack TorranceJack Nicholson
66%
La ligne vertePaul EdgecombTom Hanks
65%
Le ParrainMichael CorleoneAl Pacino
58%
LéonLéonJean Reno
58%
MatrixNéoKeanu Reeves
54%
Sweeney Todd, le diabolique barbier de Fleet StreetSweeney ToddJohnny Depp
52%
Pulp FictionMia WallaceUma Thurman
49%
Star Wars Episode 6 : Le retour du JediLuke SkywalkerMark Hamill
48%
Black SwanNina SayersNatalie Portman
48%
Taxi DriverTravis BickleRobert de Niro
48%
The Dark KnightLe JokerHeath Ledger
46%
Gran TorinoWalt KowalskiClint Eastwood
43%
La liste de SchindlerOskar SchindlerLiam Neeson
41%
Le cercle des poètes disparusJohn KeatingRobin Williams
40%
Les évadésEllis Boyd "Red" ReddingMorgan Freeman
37%
GladiatorMaximus Decimus MeridiusRusell Crowe
37%
Hook ou la revanche du capitaine CrochetLa fée ClochetteJulia Roberts
36%
Le nom de la roseGuillaume de BaskervilleSean Connery
36%
Le seigneur des anneaux : Les Deux toursFrodonElijah Wood
35%
Mad MaxMaxMel Gibson
35%
L'étrange histoire de Benjamin ButtonDaisyCate Blanchett
34%
Alien : le 8e passagerRipleySigourney Weaver
34%
Eternal sunshine of the spotless mindJoel BarishJim Carrey
33%
Apocalypse NowColonel Walter E. KurtzMarlon Brando
33%
Le Silence des AgneauxClarice StarlingJodie Foster
30%
Usual SuspectsRoger "Verbal" KintKevin Spacey
27%
American History XDerek VinyardEdward Norton
26%
Sur la route de MadisonFrancesca JohnsonMeryl Streep
25%
InterstellarCooperMatthew McConaughey
24%
Requiem for a dreamHarry GoldfarbJared Leto
22%
Le PrestigeAlfred BordenChristian Bale
17%
Big FishEd BloomEwan McGregor
16%
Sin CityNancy CallahanJessica Alba
15%
Donnie DarkoDonnie DarkoJake Gyllenhaal
13%

Distribution des résultats

Percentile par nombre de réponses

% des personnes avec chaque résultat

Votre développement - résultats

Vous n’avez pas pris ce quiz